|
|
|
|
| LEADER |
00000nab a2200000 a 4500 |
| 001 |
vtls000579385 |
| 003 |
SK-MaSNL |
| 005 |
20260304085434.0 |
| 008 |
250425c1993 xo 0 slo |
| 015 |
|
|
|a SNBRA19rr/mm-uuuuu
|
| 035 |
|
|
|a CL0579523
|
| 035 |
|
|
|a (urnnbn)urn:nbn:sk:snk:ar-a07pg1
|
| 035 |
|
|
|a (uuid)f123e8b0-5a5c-4939-ad0b-c7e430ac2118
|
| 035 |
|
|
|a urn:nbn:sk:snk-ab8av5
|
| 040 |
|
|
|a SNKBUCL
|b slo
|c SNKBUCL
|e AACR2
|
| 041 |
0 |
|
|a slo
|
| 044 |
|
|
|a xo
|c SK
|
| 080 |
|
|
|a 911.3(437.6):379.84(437.6)
|2 1981
|
| 080 |
|
|
|a 379.84(437.6)
|2 1981
|
| 100 |
1 |
|
|a Otrubová, Erika,
|d 1937-
|4 aut
|9 105999
|
| 245 |
1 |
0 |
|a Priestorové aspekty rozmiestnenia chalupárskej rekreácie v regióne Kysúc
|c Erika Otrubová, Jaroslav Rebroš
|
| 300 |
|
|
|b Grafy 2, mp. 2, tab. 2, res. angl., lit. 10 zázn. v češ., slov.
|
| 650 |
0 |
7 |
|a chalupárska rekreácia
|2 snkbucl
|9 1378883
|
| 651 |
|
7 |
|a Kysuce (Slovensko : región)
|2 snkbucl
|9 165903
|
| 655 |
|
7 |
|a články zo zborníkov
|2 snkbucl
|9 166140
|
| 700 |
1 |
|
|a Rebroš, Jaroslav
|4 aut
|9 1378884
|
| 773 |
0 |
|
|t Acta Facultatis rerum naturalium Universitatis Comenianae. Geographica 32
|d Bratislava : Univerzita Komenského, 1993
|g S. 193-204
|z 8022306894
|
| 850 |
|
|
|a Slovenská národná knižnica
|
| 852 |
|
|
|a Slovenská národná knižnica
|
| 954 |
|
|
|a odborná, vedecká literatúra pôvodná (slovenská)
|2 lita
|
| 958 |
|
|
|a article9
|
| 958 |
|
|
|a NB
|
| 958 |
|
|
|a RK
|
| 958 |
|
|
|a SK
|
| 958 |
|
|
|a OND
|
| 958 |
|
|
|a EUIPO
|
| 992 |
|
|
|a RZB
|
| 999 |
|
|
|c 2808039
|d 2809969
|